Biggest Cities in Arabia - Statistics

General Stats
  • This quiz has been taken 46 times
  • The average score is 10 of 14
Answer Stats
Population Country City % Correct
2,502,715 UAE Dubai
100%
956,460 Qatar Doha
98%
3,925,000 Kuwait Kuwait City
98%
1,675,368 Saudi Arabia Mecca
98%
7,125,180 Saudi Arabia Riyadh
98%
1,935,234 UAE Abu Dhabi
95%
1,180,770 Saudi Arabia Medina
90%
3,976,000 Saudi Arabia Jeddah
85%
1,937,451 Yemen Sana'a
85%
1,288,330 Oman Muscat
83%
1,033,597 Saudi Arabia Dammam
50%
1,400,000 UAE Sharjah
40%
1,281,613 Saudi Arabia Ta'if
13%
1,500,000 Saudi Arabia Hofuf
5%
No matching quizzes found
Score Distribution
Percent of People with Each Score
Percentile by Number Answered
Your Score History
You have not taken this quiz